Manuel Bartolomé Cossío (Record no. 11723)

MARC details
000 -LEADER
campo de control de longitud fija 00993nam a22002775i 4500
001 - NÚMERO DE CONTROL
campo de control 11723
003 - IDENTIFICADOR DE NÚMERO DE CONTROL
campo de control ES-MaACL
005 - FECHA Y HORA DE LA ÚLTIMA TRANSACCIÓN
campo de control 20230906150148.0
007 - CAMPO FIJO DE DESCRIPCIÓN FÍSICA--INFORMACIÓN GENERAL
campo de control de longitud fija t|
008 - DATOS DE LONGITUD FIJA--INFORMACIÓN GENERAL
campo de control de longitud fija 950710s1994 sp ||||0| spa j
020 ## - NÚMERO INTERNACIONAL ESTÁNDAR DEL LIBRO
Número Internacional Estándar del Libro 84-369-2534-3
040 ## - FUENTE DE CATALOGACIÓN
Centro catalogador/agencia de origen M-BN
Lengua de catalogación spa
Centro/agencia transcriptor M-BN
080 ## - NÚMERO DE LA CLASIFICACIÓN DECIMAL UNIVERSAL
Número de la Clasificación Decimal Universal 37 Cossío, Manuel B
100 1# - ENTRADA PRINCIPAL--NOMBRE DE PERSONA
Nombre de persona Otero Urtaza, Eugenio Manuel.
9 (RLIN) 87922
245 10 - MENCIÓN DEL TÍTULO
Título Manuel Bartolomé Cossío
Resto del título : pensamiento pedagógico y acción educativa /
Mención de responsabilidad, etc. Eugenio Otero Urtaza.
260 ## - PUBLICACIÓN, DISTRIBUCIÓN, ETC.
Lugar de publicación, distribución, etc. [Madrid] :
Nombre del editor, distribuidor, etc. Ministerio de Educación y Ciencia, Centro de Publicaciones,
Fecha de publicación, distribución, etc. D.L. 1994.
300 ## - DESCRIPCIÓN FÍSICA
Extensión 349 p ;
Dimensiones 22 cm.
490 1# - MENCIÓN DE SERIE
Mención de serie Investigación ;
Designación de volumen o secuencia n. 94
500 ## - NOTA GENERAL
Nota general Ed. parcial de la tesis doctoral del autor.
504 ## - NOTA DE BIBLIOGRAFÍA, ETC.
Nota de bibliografía, etc. Bibliografía: p. 309-331.
600 14 - PUNTO DE ACCESO ADICIONAL DE MATERIA--NOMBRE DE PERSONA
Nombre de persona Cossío, Manuel B.,
Fechas asociadas al nombre 1857-1935
9 (RLIN) 41019
710 1# - ENTRADA AGREGADA--NOMBRE DE ENTIDAD CORPORATIVA
Nombre de entidad corporativa o nombre de jurisdicción como elemento de entrada España.
Unidad subordinada Ministerio de Educación y Ciencia.
9 (RLIN) 3864
830 0# - PUNTO DE ACCESO ADICIONAL DE SERIE-TÍTULO UNIFORME
Título uniforme Investigación ;
Designación de volumen o secuencia n. 94
9 (RLIN) 179198
852 ## - LOCALIZACIÓN
Ubicación ES-MaACL
Número de control de estantería L-19054
Sublocalización o colección R.123769
Holdings
Estatus retirado Estado de pérdida Estado de daño No para préstamo Biblioteca de origen Biblioteca actual Ubicación en estantería Fecha de adquisición Fuente de adquisición Total de préstamos Signatura topográfica completa Código de barras Visto por última vez Precio de reemplazo Tipo de ítem Koha
        Biblioteca del Ateneo de Madrid Biblioteca del Ateneo de Madrid Depósito 2 17/01/2008     L-19054 1011948 23/02/2023 23/02/2023 Libro impreso